Skład reprezentacji Polski na Mistrzostwach Europy 2016 - Statystyki

Ogólne statystyki
  • Ten quiz został rozwiązany 68 razy
  • Średni wynik to 19 z 23
Statystyki odpowiedzi
Nazwisko % Poprawnych
Robert Lewandowski
100%
Wojciech Szczęsny
100%
Arkadiusz Milik
98%
Michał Pazdan
98%
Kamil Glik
97%
Łukasz Piszczek
97%
Łukasz Fabiański
95%
Grzegorz Krychowiak
93%
Jakub Błaszczykowski
93%
Kamil Grosicki
91%
Artur Boruc
88%
Artur Jędrzejczyk
88%
Thiago Cionek
86%
Bartosz Kapustka
84%
Piotr Zieliński
84%
Krzysztof Mączyński
76%
Sławomir Peszko
66%
Karol Linetty
64%
Jakub Wawrzyniak
62%
Mariusz Stępiński
55%
Tomasz Jodłowiec
55%
Filip Starzyński
50%
Bartosz Salamon
34%
Nie znaleziono quizów pasujących do podanych kryteriów
Rozkład punktacji
Procent ludzi z każdym wynikiem
Percentyl według liczby udzielonych odpowiedzi
Twoja historia wyników
Nie rozwiązałeś tego quizu